| 000 | 00436nam a2200181Ia 4500 | ||
|---|---|---|---|
| 008 | 180207s9999 xx 000 0 und d | ||
| 020 | _a9781741819335 | ||
| 050 | _bW367 2008 | ||
| 100 | _aWebb, Melissa | ||
| 245 | _aI dreamed I was a pirate / | ||
| 245 | _cby Melissa Webb. | ||
| 260 | _aUK : | ||
| 260 | _bHinkler Books Ltd., | ||
| 260 | _c2008 | ||
| 300 | _aunpaged : | ||
| 300 | _bcolor illustrations ; | ||
| 300 | _c17cm. | ||
| 999 |
_c355850 _d355850 |
||